Método de comprensión lectora. Entender lo que leemos, comunicar lo que entendemos
Saved in:
| Hovedforfatter: | |
|---|---|
| Format: | Ukendt |
| Sprog: | engelsk |
| Udgivet: |
Santiago, Chile.
Catalonia,
2017
|
| Fag: | |
| Tags: |
Tilføj Tag
Ingen Tags, Vær først til at tagge denne postø!
|
MARC
| LEADER | 00000 a2200000 4500 | ||
|---|---|---|---|
| 003 | CL-VaPUC | ||
| 005 | 20230628074148.0 | ||
| 008 | 201127b ||||| |||| 00| 0 eng d | ||
| 999 | |c 431964 |d 431962 | ||
| 020 | |a 978-9563243185 | ||
| 040 | |c Pontificia Universidad Católica de Valparaíso | ||
| 082 | |a 372.41 ARR 2017 | ||
| 100 | |a Arredondo Guevara, Marcial |9 857296 | ||
| 245 | |a Método de comprensión lectora. |b Entender lo que leemos, comunicar lo que entendemos | ||
| 260 | |a Santiago, Chile. |b Catalonia, |c 2017 | ||
| 300 | |a 136 páginas | ||
| 583 | |k Cristina Rojas |c 20201127 | ||
| 650 | 0 | |a Comprensión de lectura |9 307588 | |
| 650 | |a Habilidades de lectura |9 858413 | ||
| 852 | |a BIBCUR | ||
| 942 | |2 ddc |c BK | ||
| 952 | |0 0 |1 0 |2 ddc |4 0 |6 372_410000000000000_ARR_2017 |7 0 |8 A |9 577017 |a BIBEDU |b BIBEDU |c ES_NOD |d 2020-11-27 |e 3 |g 7500.00 |i 5578868 |o 372.41 ARR 2017 |p 5578868 |r 2023-08-09 |t 1 |v 0.00 |w 2020-11-27 |y BK |k EBA | ||